Verkehrswissenschaft Aktuell Berichte und Informationen aus Forschung und Lehre

Guardado en:
Detalles Bibliográficos
Formato: Seriadas
Lenguaje:alemán
Publicado: Dresden Hochschule für Verkehrswesen "Friedrich List" 1992
Etiquetas: Agregar Etiqueta
Sin Etiquetas, Sea el primero en etiquetar este registro!

MARC

LEADER 00000nas2a2200000 4500
001 s016468
005 20250825073141.1
022 |a 0043-6844 
041 0 |a ger 
044 |a DE 
245 1 0 |a Verkehrswissenschaft Aktuell  |b Berichte und Informationen aus Forschung und Lehre 
264 1 |a Dresden  |b Hochschule für Verkehrswesen "Friedrich List"  |c 1992 
300 |a 1 zv.